00472nam a2200193 a 4500001001300000003000900013005001700022008004100039020000800080082001800088100002300106245002400129260003200153300000900185500003500194505001000229650001600239700002300255nice12345678IN_TiNIC20260116011512.0050524s0000 luca grp 000 0 urd  ac400a891.4391bSID aSiddiqi, Abul Lais aTajrube Awr Rivayat aLucknowbMahboob Khanc0000 a216p aincludes index and biblioraphy2 aIndex aUrdu-Poetry1 aSiddiqi, Abul Lais